Estadísticas para Países cercanos a Estados Unidos del A-Z

Haz click aquí para intentar la prueba.

Estadísticas generales

  • Esta prueba ha sido intentada 3.194 veces
  • La puntuación promedio es 15 de 23

Estadísticas de respuestas

LetraPaís% Correcto
CCanadá
99%
MMéxico
95%
BBahamas
83%
GGuatemala
82%
HHaití
79%
DDominica
77%
JJamaica
77%
EEl Salvador
75%
VVenezuela
75%
NNicaragua
73%
RRusia
72%
AAntigua y Barbuda
70%
PPanamá
69%
ZZambia
68%
YYemen
66%
UUruguay
59%
OOmán
58%
TTrinidad y Tobago
54%
SSan Cristóbal y Nieves
50%
IIslandia
49%
KKiribati
44%
FFiyi
36%
LLuxemburgo
14%

Distribución de puntuación

Porcentaje por número respondido

Porcentaje de gente con cada puntuación

Historial de tus puntuaciones

No has intentado esta prueba.